Emócie v konflikte

V príspevku sa autorky venujú negatívnym emóciám v konflikte a spôsobom, ako s nimi pracovať. Dôležité je si uvedomiť, že emócie sú prirodzenou súčasťou nášho života a majú dôležitú ochrannú, motivačnú a informačnú funkciu. Uvedomiť si a prijať svoje emócie, nájsť spôsoby, ako s nimi pracovať je kľú...

ver descrição completa

Na minha lista:
Detalhes bibliográficos
Autor principal: Tragalová, Dagmar
Formato: Capítulo de Livro
Idioma:eslovaco
Assuntos:
Tags: Adicionar Tag
Sem tags, seja o primeiro a adicionar uma tag!

MARC

LEADER 00000naa a2200000 4500
001 0299727
005 20240417075308.7
041 0 |a slo 
044 |a SK 
245 1 0 |a Emócie v konflikte  |c Dagmar Tragalová 
520 |a V príspevku sa autorky venujú negatívnym emóciám v konflikte a spôsobom, ako s nimi pracovať. Dôležité je si uvedomiť, že emócie sú prirodzenou súčasťou nášho života a majú dôležitú ochrannú, motivačnú a informačnú funkciu. Uvedomiť si a prijať svoje emócie, nájsť spôsoby, ako s nimi pracovať je kľúčové pre porozumenie toho, ako zvládať záťažové situácie v bežnom živote. V texte ponúkajú náhľad na to, ako emócie môžu poskytnúť dôležité informácie o našich potrebách, hodnotách a očakávaniach. 
610 2 0 |a emócie 
610 2 0 |a konflikty 
610 2 0 |a psychológia 
610 2 0 |a mediácia 
610 2 0 |a vzťahy medziľudské 
100 1 |a Tragalová, Dagmar